|
|
|
|
| LEADER |
00000nab a2200000 a 4500 |
| 001 |
vtls000526665 |
| 003 |
SK-MaSNL |
| 005 |
20260304094836.0 |
| 008 |
250425c1994 xo 0 slo |
| 015 |
|
|
|a SNBRB19rr/mm-uuuuu
|
| 035 |
|
|
|a CL0526803
|
| 035 |
|
|
|a urn:nbn:sk:snk-abbome
|
| 035 |
|
|
|a (urnnbn)urn:nbn:sk:snk:ar-002m6p
|
| 035 |
|
|
|a (uuid)754b85b2-54bd-446f-88d7-10019c5d16ba
|
| 040 |
|
|
|a SNKBUCL
|b slo
|c SNKBUCL
|e AACR2
|
| 041 |
0 |
|
|a slo
|
| 044 |
|
|
|a xo
|c SK
|
| 080 |
|
|
|a 885.4-3
|2 1981
|
| 100 |
1 |
|
|a Brestovanská, Andrea
|4 aut
|9 1391595
|
| 245 |
1 |
0 |
|a Kvé v nemocnici [a iné]
|c Andrea Brestovanská
|
| 500 |
|
|
|a Ďalšie prózy: Kvé vo dne a v noci. Kvé v kine. Kvé v tričku. Kvé v nemom úžase
|
| 500 |
|
|
|a V rubrike Katapult
|
| 650 |
0 |
7 |
|a miniatúry prozaické
|2 snkbucl
|9 893925
|
| 655 |
|
7 |
|a články z novín a časopisov
|2 snkbucl
|9 267496
|
| 773 |
0 |
|
|t Dotyky
|g Roč. 6, č. 6-7 (1994), s. 26
|
| 850 |
|
|
|a Slovenská národná knižnica
|
| 852 |
|
|
|a Slovenská národná knižnica
|
| 958 |
|
|
|a article15
|
| 958 |
|
|
|a OND
|
| 958 |
|
|
|a RK
|
| 958 |
|
|
|a LX
|
| 958 |
|
|
|a EUIPO
|
| 992 |
|
|
|a RBX
|
| 999 |
|
|
|c 2829242
|d 2831172
|